000
00201 a2200097 4500
001
18909
100
_a
Hyslop, J M
245
_a
Infcicte series
260
_a
_b
Oliver & body
_c
090
_c
13998
_d
13998
942
_a
NUST-CAE
_c
M
_c
4444
999
_c
253982
_d
253982